000 004360000a22001810004500
003 MACL
005 20151021121128.0
008 151021b xxu||||| |||| 00| 0 eng d
040 _aMACL
_cMACL
041 _aEnglish
082 _a954/LSL
100 _aIslam, Shamsul
_916158
245 _aRebel Sikhs in 1857
260 _bNishant Publications
_aDelhi
350 _a250
650 _aIndian History
_9227
942 _cBK
_k954/ISL
_2ddc
999 _c42504
_d42504